000 00456cam a22001814a 4500
005 20250605164115.0
008 250528s ||||||||||||||||||||||||d
035 _a18038
040 _aGR-AtMCL
_bgre
_dGR-AtMCL
_eAACR2
245 1 _aΙΣΤΟΡΙΑ ΤΗΣ ΔΥΤΙΚΗΣ ΦΙΛΟΣΟΦΙΑΣ Β
250 _a1
300 _a697
700 1 _aRussell Bertrand
_94331
942 _cBK
260 _bΑρσενιδης
999 _c3430
_d3430